Kluby Polskich piłkarzy - Statystyki

Ogólne statystyki
  • Ten quiz został rozwiązany 3 137 razy
  • Średni wynik to 9 z 16
Statystyki odpowiedzi
Zawodnik Klub % Poprawnych
Robert Lewandowski Bayern Monachium
98%
Jakub Błaszczykowski Wisła Kraków
82%
Wojciech Szczęsny Juventus Turyn
78%
Łukasz Piszczek Borussia Dortmund
75%
Bartosz Bereszyński Sampdoria
70%
Łukasz Fabiański West Ham United
70%
Kamil Grosicki Hull City
64%
Sebastian Szymański Legia Warszawa
59%
Grzegorz Krychowiak Lokomotiw Moskwa
56%
Tomasz Kędziora Dynamo Kijów
51%
Kamil Glik AS Monako
49%
Patryk Lipski Lechia Gdańsk
47%
Damian Kądzior Dinamo Zagrzeb
38%
Arkadiusz Reca Atalanta Bergamo
33%
Bartosz Białkowski Ipswich Town
29%
Jakub Wawrzyniak GKS Katowice
26%
Nie znaleziono quizów pasujących do podanych kryteriów
Rozkład punktacji
Procent ludzi z każdym wynikiem
Percentyl według liczby udzielonych odpowiedzi
Twoja historia wyników
Nie rozwiązałeś tego quizu